00609nam a22001695i 450000100060000000300090000600500170001500700030003200800410003504000200007610000160009624501170011226000560022930000390028565000320032485200830035653641ES-MaACL20230906162813.0t|960702s1889 fr a ||||1| fre d aCAM bspa cCAM1 aFéret, A.10aMémoire sur la Table Féret hygiénique áa élévation facultative, áa l'usage des études scolaires. aParis : bA. Féret, c1889 (fimp. A. Jouandeaux) a[1], 13, [1] p. : bil. ; c28 cm.14aMobiliario escolar-yS.XIX. aES-MaACLjT-834-F-8 z.- Enc. en un vol. facticio conservando la enc. original